Majulah Singapura (Anthem of Singapore) Lyrics Quiz - Statistics

General Stats
  • This quiz has been taken 484 times
  • The average score is 17 of 21
Answer Stats
Answers % Correct
Singapura
99%
kita
98%
Mari
98%
Majulah
90%
yang
88%
Sama-
86%
sama
86%
Cita-
84%
cita
84%
mulia
83%
bahagia
82%
bersatu
81%
Berjaya
79%
menuju
79%
baru
75%
rakyat
73%
Marilah
72%
Dengan
69%
Semua
68%
berseru
65%
semangat
55%
No matching quizzes found
Score Distribution
Percent of People with Each Score
Percentile by Number Answered
Your Score History
You have not taken this quiz